| 000 | 00558nam a22001697a 4500 | ||
|---|---|---|---|
| 005 | 20250922083609.0 | ||
| 008 | 250919b |||||||| |||| 00| 0 eng d | ||
| 020 | _a9789362248800 | ||
| 082 | _aDC 361.3 So131 2025 | ||
| 245 |
_aSocial deviation and social work / _cEdited by: Brijesh Jha. |
||
| 260 |
_aIndia : _bDiscovery Publishing House, _c©2025. |
||
| 300 |
_av, 224 : _billustrations (some colors) ; _c24 cm. |
||
| 500 | _aIncludes references and index. | ||
| 650 | 0 |
_aSocial work. _967972 |
|
| 700 |
_aJha, Brijesh. _967860 _eauthor. |
||
| 942 |
_2ddc _cDC |
||
| 999 |
_c23850 _d23850 |
||